000 01422nam a2200373Ia 4500
001 ebr10251927
003 CaPaEBR
006 m u
007 cr cn|||||||||
008 080226s2008 nyua sb 001 0 eng d
020 _z0387765840
020 _z9780387765846
040 _aCaPaEBR
_cCaPaEBR
035 _a(OCoLC)288465991
050 1 4 _aQL737.P9
_bP67242 2008eb
245 0 0 _aPrimate craniofacial function and biology
_h[electronic resource] /
_cChris Vinyard, Matthew J. Ravosa, Christine Wall, editors.
260 _aNew York :
_bSpringer,
_cc2008.
300 _axxiv, 496 p. :
_bill. (some col.).
490 1 _aDevelopments in primatology
504 _aIncludes bibliographical references and index.
533 _aElectronic reproduction.
_bPalo Alto, Calif. :
_cebrary,
_d2009.
_nAvailable via World Wide Web.
_nAccess may be limited to ebrary affiliated libraries.
650 0 _aMasticatory muscles.
650 0 _aPhysical anthropology.
650 0 _aPrimates
_xAnatomy.
650 0 _aPrimates
_xEvolution.
650 0 _aSkull.
655 7 _aElectronic books.
_2local
700 1 _aRavosa, Matthew J.
700 1 _aVinyard, Chris.
700 1 _aWall, Christine
_q(Christine E.)
710 2 _aebrary, Inc.
830 0 _aDevelopments in primatology.
856 4 0 _uhttp://site.ebrary.com/lib/rucke/Doc?id=10251927
_zAn electronic book accessible through the World Wide Web; click to view
999 _c35067
_d35067